Percy Jackson : (Record no. 85694)

MARC details
000 -LEADER
fixed length control field 00812nam a22002297a 4500
005 - DATE AND TIME OF LATEST TRANSACTION
control field 20170816112336.0
010 ## - LCCN (DPL NO)
LC control number BAC-CH25
020 ## - INTERNATIONAL STANDARD BOOK NUMBER
International Standard Book Number 9780141346830
Terms of availability 350.00
035 ## - SYSTEM CONTROL NUMBER
System control number G-003153
035 ## - SYSTEM CONTROL NUMBER
System control number B-665022
037 ## - SOURCE OF ACQUISITION
Source of stock number/acquisition Blue Berry/Ven
Stock number dpl
082 ## - DEWEY DECIMAL CLASSIFICATION NUMBER
Classification number S
100 ## - MAIN ENTRY--PERSONAL NAME
Personal name Riordan, Rick
245 ## - TITLE STATEMENT
Title Percy Jackson :
Statement of responsibility, etc by Rick Riordan
Remainder of title and the battle of the labyrinth /
260 ## - PUBLICATION, DISTRIBUTION, ETC. (IMPRINT)
Place of publication, distribution, etc New Delhi
Name of publisher, distributor, etc Puffin Books
Date of publication, distribution, etc 2013
270 ## - ADDRESS
Address 11 Community Centre, Panchsheel Park
City New Delhi
Postal code 10017 (India)
300 ## - PHYSICAL DESCRIPTION
Extent 341p.
Dimensions 20cm(pbk)
942 ## - ADDED ENTRY ELEMENTS (KOHA)
Source of classification or shelving scheme Dewey Decimal Classification
Item type Children Books
Call number suffix RIO
Classification part S
Holdings
Withdrawn status Lost status Not for loan Collection code Home library Current library Date acquired Source of acquisition Cost, normal purchase price Full call number Barcode Copy number Cost, replacement price Koha item type
      Fiction Ashok Vihar Ashok Vihar 16/08/2017 BPPD/CH/EN/2014-15/AV/16-17/376/15.2.2017/IN16120/27.2.2017 /7.3.2017 350.00 S RIO B-665022 1 350.00 Children Books
Withdrawn     Fiction Janak Puri Janak Puri 29/12/2014 Received from DB Act Children Books 350.00 S RIO G-003153 1 350.00 Children Books

© Delhi Public Library
Hit Counter
free hit counter